Highest Selling Albums in Australia - Statistics

General Stats
  • This quiz has been taken 254 times
    43 since last reset
  • The average score is 17 of 30
Answer Stats
# Year Title Artist % Correct
8. 1982 Thriller Michael Jackson
97%
12. 1973 Dark Side of the Moon Pink Floyd
91%
27. 2008 Funhouse P!nk
91%
22. 1980 Back in Black AC DC
88%
17. 1984 Born in the USA Bruce Springsteen
88%
1. 1977 Bat Out of Hell Meatloaf
85%
7. 2011 21 Adele
82%
19. 1977 Rumours Fleetwood Mac
82%
5. 1985 Brothers in Arms Dire Straits
73%
11. 1995 Jagged Little Pill Alanis Morissette
70%
14. 2011 + Ed Sheeran
70%
4. 1992 Gold - Greatest Hits ABBA
64%
6. 1975 The Best of... ABBA
64%
18. 1976 Arrival ABBA
64%
16. 2002 The ______ Show Eminem
61%
29. 2005 Curtain Call: The Hits Eminem
61%
25. 1991 The Immaculate Collection Madonna
55%
26. 1993 Music Box Mariah Carey
48%
30. 1977 Soundtrack Saturday Night Fever
48%
13. 1978 Soundtrack Grease
45%
2. 1986 Whispering Jack John Farnham
39%
15 2011 Christmas Michael Buble
36%
10. 1981 Greatest Hits Queen
36%
9. 2003 Innocent Eyes Delta Goodrem
33%
28. 1994 The Very Best of the ______ Eagles
33%
20. 1996 Recurring Dream - The Very Best of... Crowded House
30%
3. 1997 Come on Over Shania Twain
30%
21. 1996 Falling Into You Celine Dion
24%
23. 1991 ___________ Metallica
9%
24. 1997 _______ ________ Savage Garden
6%
No matching quizzes found
Score Distribution
Percent of People with Each Score
Percentile by Number Answered
Your Score History
You have not taken this quiz since the last reset